[Event "Aragon-chT Preferente Gr I "]
[Site "Aragon"]
[Date "2018.03.24"]
[Round "9.40"]
[White "Palomar Ramon, Santiago"]
[Black "Mendoza Barcia, Pedro"]
[Result "1-0"]
[WhiteElo "1914"]
[BlackElo "1686"]
[PlyCount "112"]
[EventDate "2018.01.27"]
[EventType "team-tourn"]
[EventRounds "9"]
[EventCountry "ESP"]
[SourceTitle "EXT 2019"]
[Source "ChessBase"]
[SourceDate "2018.10.10"]
[SourceVersion "1"]
[SourceVersionDate "2018.10.10"]
[SourceQuality "1"]
[WhiteTeam "San Jose"]
[BlackTeam "Monzon II"]
[WhiteTeamCountry "ESP"]
[BlackTeamCountry "ESP"]

1. e4 c5 2. Nc3 Nc6 3. Bb5 e6 4. Bxc6 bxc6 5. d3 Nf6 6. f4 d5 7. Nf3 Be7 8. 0-0 0-0 9. b3 Ba6 10. e5 Ne8 11. Kh1 Nc7 12. Qe1 d4 13. Ne4 Nd5 14. Qg3 f6 15. exf6 Nxf6 16. Nfg5 Nxe4 17. Nxe4 Qd5 18. Bd2 Rf5 19. c4 dxc3 20. Bxc3 g6 21. Rfd1 Rd8 22. Be5 Rdf8 23. Rac1 Bb7 24. Nf2 Bd6 25. Ng4 Bxe5 26. fxe5 Kg7 27. Qe3 Rf4 28. Nf6 Qd4 29. Qh3 Rh4 30. Qxe6 Bc8 31. Qe7+ Rf7 32. Qxc5 Qf4 33. Qg1 Qxe5 34. Ne4 Bb7 35. Rc5 Qe7 36. Qd4+ Kg8 37. Re5 Qf8 38. h3 Rhf4 39. Qd6 Rf1+ 40. Rxf1 Rxf1+ 41. Kh2 Qxd6 42. Nxd6 Ba6 43. Re8+ Rf8 44. Rxf8+ Kxf8 45. Nc4 Ke7 46. Kg3 Ke6 47. Kf4 Kd5 48. Ke3 c5 49. g3 Bc8 50. h4 h6 51. a3 g5 52. hxg5 hxg5 53. Nd2 g4 54. Ne4 a5 55. Nc3+ Ke5 56. Na4 Kd6 1-0

[Event "Aragon-chT Preferente Gr I "]
[Site "Aragon"]
[Date "2018.03.17"]
[Round "8.48"]
[White "Mendoza Barcia, Pedro"]
[Black "Buil Rello, Jose Antonio"]
[Result "1-0"]
[WhiteElo "1686"]
[BlackElo "1761"]
[PlyCount "83"]
[EventDate "2018.01.27"]
[EventType "team-tourn"]
[EventRounds "9"]
[EventCountry "ESP"]
[SourceTitle "EXT 2019"]
[Source "ChessBase"]
[SourceDate "2018.10.10"]
[SourceVersion "1"]
[SourceVersionDate "2018.10.10"]
[SourceQuality "1"]
[WhiteTeam "Monzon II"]
[BlackTeam "Jaime Casas II"]
[WhiteTeamCountry "ESP"]
[BlackTeamCountry "ESP"]

1. e4 e5 2. Nf3 d6 3. d4 Nd7 4. Bc4 Be7 5. dxe5 Nxe5 6. Nxe5 dxe5 7. Qh5 g6 8. Qxe5 Nf6 9. 0-0 0-0 10. Bh6 Re8 11. Qc3 Bd6 12. f3 c6 13. Qb3 Qe7 14. a4 Nd7 15. f4 Bc5+ 16. Kh1 Bd4 17. e5 Nc5 18. Qa2 Be6 19. c3 Be3 20. b4 b5 21. axb5 cxb5 22. Bxe6 Nxe6 23. Qe2 Bb6 24. f5 Nc7 25. Bf4 f6 26. fxg6 hxg6 27. Qd3 f5 28. Qg3 Qf7 29. Na3 Rad8 30. Rad1 a6 31. Nc2 Nd5 32. Nd4 Bxd4 33. Rxd4 Rd7 34. Rfd1 Red8 35. Bg5 Rc8 36. Qe1 Qe6 37. Qd2 Nxc3 38. Rxd7 Nxd1 39. Rd8+ Rxd8 40. Qxd8+ Kf7 41. Qxd1 Qxe5 42. h3 1-0

[Event "Huesca CupT"]
[Site "Monzon"]
[Date "2017.01.22"]
[Round "2.3"]
[White "Mendoza Barcia, Pedro"]
[Black "Avellanas Pau, Miguel Angel"]
[Result "1/2-1/2"]
[WhiteElo "1788"]
[BlackElo "1893"]
[PlyCount "48"]
[EventDate "2017.01.22"]
[EventType "team-k.o."]
[EventRounds "3"]
[EventCountry "ESP"]
[SourceTitle "EXT 2018"]
[Source "ChessBase"]
[SourceDate "2017.10.13"]
[SourceVersion "1"]
[SourceVersionDate "2017.10.13"]
[SourceQuality "1"]
[WhiteTeam "Monzon"]
[BlackTeam "Barbastro"]
[WhiteTeamCountry "ESP"]
[BlackTeamCountry "ESP"]

1. e4 e5 2. Nf3 Nc6 3. Nc3 d6 4. d4 Bg4 5. d5 Nce7 6. Be2 g6 7. 0-0 Bg7 8. Be3 Nf6 9. Nd2 Bxe2 10. Qxe2 Qd7 11. h3 Nh5 12. Rab1 0-0 13. Nb3 f5 14. exf5 Nxf5 15. Bd2 Rae8 16. Qd3 Nh4 17. Bg5 Nf3+ 18. gxf3 Qxh3 19. f4 Qg4+ 20. Kh2 Nxf4 21. Bxf4 Rxf4 22. Qh3 Qg5 23. Rg1 Qf6 24. Rg4 Rxf2+ 1/2-1/2

[Event "Huesca Province-ch"]
[Site "Sabinanigo"]
[Date "2016.11.26"]
[Round "7"]
[White "Mendoza Barcia, Pedro"]
[Black "Garreta Crespo, Blas"]
[Result "1/2-1/2"]
[WhiteElo "1570"]
[BlackElo "1820"]
[PlyCount "65"]
[EventDate "2016.10.15"]
[EventType "swiss"]
[EventRounds "7"]
[EventCountry "ESP"]
[SourceTitle "EXT 2018"]
[Source "ChessBase"]
[SourceDate "2017.10.13"]
[SourceVersion "1"]
[SourceVersionDate "2017.10.13"]
[SourceQuality "1"]

1. e4 c6 2. d4 d6 3. c4 Nf6 4. Nc3 g6 5. Nf3 Bg7 6. Be2 0-0 7. 0-0 Nbd7 8. Bg5 Ne8 9. Bf4 c5 10. Be3 Nc7 11. Qd2 cxd4 12. Bxd4 Nf6 13. Rfd1 Bg4 14. Rac1 Ne6 15. Be3 Nc5 16. Qc2 Qc8 17. Nd5 Nxd5 18. cxd5 Bxf3 19. Bxf3 b6 20. Qe2 Qb7 21. Qb5 Rac8 22. Rc2 f5 23. exf5 gxf5 24. Rdc1 Nd7 25. g3 Rxc2 26. Rxc2 Ne5 27. Bg2 Rc8 28. Qe2 Rxc2 29. Qxc2 Ng4 30. Bf4 Bd4 31. Qxf5 Nxf2 32. Qg5+ Kh8 33. Be3 1/2-1/2

[Event "Huesca Province-ch"]
[Site "Sabinanigo"]
[Date "2016.11.19"]
[Round "6"]
[White "Puertolas Serena, Arturo"]
[Black "Mendoza Barcia, Pedro"]
[Result "0-1"]
[WhiteElo "1870"]
[BlackElo "1570"]
[PlyCount "152"]
[EventDate "2016.10.15"]
[EventType "swiss"]
[EventRounds "7"]
[EventCountry "ESP"]
[SourceTitle "EXT 2018"]
[Source "ChessBase"]
[SourceDate "2017.10.13"]
[SourceVersion "1"]
[SourceVersionDate "2017.10.13"]
[SourceQuality "1"]

1. d4 d5 2. Nf3 Nf6 3. e3 c5 4. c3 Nc6 5. Bd3 Bg4 6. Nbd2 e6 7. 0-0 Bd6 8. dxc5 Bxc5 9. Qb3 Qc7 10. Nd4 0-0 11. h3 Bh5 12. Re1 Nxd4 13. exd4 Bd6 14. Nf1 Bg6 15. Qc2 Bxd3 16. Qxd3 Rac8 17. Be3 Rfe8 18. Rac1 Qa5 19. a3 a6 20. Nd2 b5 21. g4 Qc7 22. Qe2 Bf4 23. Qf3 Bxe3 24. Rxe3 Qd6 25. Kg2 Nd7 26. Qe2 e5 27. dxe5 Rxe5 28. Nf3 Rxe3 29. Qxe3 Nc5 30. Rd1 Ne6 31. Qe5 Rd8 32. Qxd6 Rxd6 33. Kg3 f6 34. Nh4 g6 35. f4 Kf7 36. Ng2 Ke7 37. h4 d4 38. f5 gxf5 39. gxf5 Ng7 40. Kf4 dxc3 41. Rxd6 Kxd6 42. bxc3 Kc5 43. Ne3 h5 44. Ke4 Ne8 45. Kd3 Nd6 46. Kc2 Nc4 47. Ng2 Nxa3+ 48. Kb3 Nc4 49. Nf4 Nd2+ 50. Kc2 Nf3 51. Nxh5 Nxh4 52. Nxf6 Nxf5 53. Ne4+ Kb6 54. Kb3 Ne3 55. Nd2 Kc5 56. Ne4+ Kd5 57. Nf2 a5 58. Nd3 Nc4 59. Kc2 Ne3+ 60. Kb3 Nc4 61. Kc2 Kc6 62. Kb3 Kb6 63. Kc2 a4 64. Nb4 Na5 65. Kb2 Nc6 66. Nc2 Kc5 67. Na3 Ne5 68. Ka2 Nc4 69. Nc2 Nd2 70. Kb2 Nf1 71. Na3 Ne3 72. Ka2 Nd1 73. Nb1 Kd5 74. Ka3 Kc4 75. Nd2+ Kxc3 76. Nb3 b4+ 0-1